• 首页
  • 本馆介绍
  • 公告通知
  • 最新文献
  • 馆藏检索
  • 电子资源
  • 读者导购
  • 参考咨询
  • 我的图书馆
  • 登录
  • 详细信息显示
  • 放入我的书架
  • 预约/预借图书
  • 作者相关作品
  • 分类相关作品
  • 丛书相关作品
  • 出版社相关作品

书目信息

  • 表格格式
  • 工作单格式
  • 卡片格式
题名:
山楂优质栽培技术
    
 
作者: 李桂荣 主编
分册:  
出版信息: 北京   中国科学技术出版社  2017
页数: 172页
开本: 21cm
丛书名: 科普三农 强农惠农
单 册:
中图分类: S661.5
科图分类:
主题词: 山楂--shan zha--果树园艺
电子资源:
ISBN: 978-7-5046-7496-8
000 01301nam 2200277 450
001 012001003426
005 20140130152655.0
010    @a978-7-5046-7496-8@dCNY20.00
099    @aCAL 012017128963
100    @a20170728d2017 em y0chiy50 ea
101 0  @achi
102    @aCN@b110000
105    @ak a 000yy
106    @ar
200 1  @a山楂优质栽培技术@Ashan zha you zhi zai pei ji shu@f李桂荣主编
210    @a北京@c中国科学技术出版社@d2017
215    @a172页@d21cm
225 2  @a科普三农 强农惠农@Ake pu san nong qiang nong hui nong@i果树系列
320    @a有书目 (第169-172页)
330    @a本书一是山楂栽培现状及存在问题, 包括栽培现状及经济效益, 生产存在的问题。二是山楂良种选择, 包括我国山楂的主要栽培区, 山楂种类和优良品种。三是山楂发育特性与栽培条件。四是育苗, 包括苗木特性, 砧木苗的培育, 嫁接苗的培育, 苗木出圃与贮运。五是幼树早结果、早丰产栽培。六是成龄山楂树优质丰产栽培。七是山楂安全生产技术。八是植物生长调节剂在山楂生产中的应用。九是山楂果实的采收、贮运与加工。本书紧密结合生产实际, 全面系统地介绍了山楂的高产栽培技术, 技术科学实用, 文字通俗易懂。
410  0 @12001 @a科普三农 强农惠农@i果树系列
606 0  @a山楂@Ashan zha@x果树园艺
690    @aS661.5@v5
701  0 @a李桂荣@Ali gui rong@4主编
801  2 @aCN@b北京卓展@c20191020
905    @b1211599-602@dS661.5@e582@f4
    
    山楂优质栽培技术/李桂荣主编.-北京:中国科学技术出版社,2017
    172页;21cm.-(科普三农 强农惠农.果树系列)
    
    
    ISBN 978-7-5046-7496-8:CNY20.00
    本书一是山楂栽培现状及存在问题, 包括栽培现状及经济效益, 生产存在的问题。二是山楂良种选择, 包括我国山楂的主要栽培区, 山楂种类和优良品种。三是山楂发育特性与栽培条件。四是育苗, 包括苗木特性, 砧木苗的培育, 嫁接苗的培育, 苗木出圃与贮运。五是幼树早结果、早丰产栽培。六是成龄山楂树优质丰产栽培。七是山楂安全生产技术。八是植物生长调节剂在山楂生产中的应用。九是山楂果实的采收、贮运与加工。本书紧密结合生产实际, 全面系统地介绍了山楂的高产栽培技术, 技术科学实用, 文字通俗易懂。
●
相关链接 在E读中查询图书 在五车中查询图书 在当当中查询图书 在豆瓣中查询图书


正题名:山楂优质栽培技术     索取号:S661.5/582         预约/预借

序号 登录号 条形码 馆藏地/架位号 状态 备注
1 1211599   212115995   第二样本阅览室/ [索取号:S661.5/582] 在馆    
2 1211600   212116002   第三借阅区/ [索取号:S661.5/582] 在馆    
3 1211601   212116011   第三借阅区/ [索取号:S661.5/582] 在馆    
4 1211602   212116020   第三借阅区/ [索取号:S661.5/582] 在馆    
唐山师范学院图书馆 欢迎您!
大连网信软件有限公司© 版权所有